[Event "RUS-ch Rapid (Women)"]
[Site "Sochi"]
[Date "2023.10.15"]
[Round "1"]
[White "Ovod, Evgenija"]
[Black "But, Svetlana"]
[Result "1-0"]
[WhiteElo "2256"]
[BlackElo "1769"]
[PlyCount "91"]
[EventDate "2023.10.15"]
[EventType "swiss (rapid)"]
[EventRounds "11"]
[EventCountry "RUS"]
[SourceTitle "Mega2024 Update 01"]
[Source "Chessbase"]
[SourceDate "2023.11.12"]
[SourceVersion "1"]
[SourceVersionDate "2023.11.12"]
[SourceQuality "1"]

1. d4 d5 2. Bf4 Nf6 3. e3 c6 4. c4 Bf5 5. Nc3 Nbd7 6. Nf3 e6 7. Be2 Be7 8. h3 h6 9. 0-0 0-0 10. Qb3 Qb6 11. c5 Qxb3 12. axb3 Ne4 13. b4 a6 14. Nxe4 Bxe4 15. Nd2 Bg6 16. Nb3 Bd8 17. Bd6 Re8 18. Na5 Bxa5 19. bxa5 e5 20. Rfd1 e4 21. Ra4 f5 22. Rb4 Ra7 23. Rc1 Nf6 24. Rc3 Rd8 25. Rcb3 Ne8 26. Be5 Rd7 27. Bb8 Ra8 28. Rxb7 Rxb7 29. Rxb7 Nf6 30. Ba7 Kh7 31. Bxa6 Be8 32. Be2 Nd7 33. b4 Nf6 34. Bb8 Nd7 35. Bd6 Kg6 36. a6 Kf6 37. a7 Ke6 38. Rb8 Nxb8 39. axb8Q Rxb8 40. Bxb8 g6 41. g4 Kf6 42. Be5+ Ke6 43. Bg7 h5 44. gxh5 gxh5 45. Kg2 Bg6 46. Kg3 1-0

[Event "Anapa Sea Harbor op"]
[Site "Anapa"]
[Date "2023.06.09"]
[Round "8"]
[White "But, Svetlana"]
[Black "Gorbunov, Evgeny Alekseevich"]
[Result "1/2-1/2"]
[WhiteElo "1769"]
[BlackElo "2073"]
[PlyCount "103"]
[EventDate "2023.06.02"]
[EventType "swiss"]
[EventRounds "9"]
[EventCountry "RUS"]
[SourceTitle "CBM 214 Extra"]
[Source "ChessBase"]
[SourceDate "2023.07.31"]
[SourceVersion "1"]
[SourceVersionDate "2023.07.31"]
[SourceQuality "1"]

1. d4 Nf6 2. Nf3 g6 3. g3 Bg7 4. Bg2 0-0 5. 0-0 d6 6. c3 c6 7. a4 a5 8. Qb3 Qc7 9. Nbd2 Nbd7 10. e4 e5 11. Re1 Re8 12. Ng5 Re7 13. h3 h6 14. Ngf3 Nf8 15. Qc2 Be6 16. b3 N8d7 17. Ba3 Ree8 18. Bb2 Nh7 19. g4 Rf8 20. Ba3 Rfd8 21. Rad1 Bf8 22. c4 f6 23. Rc1 c5 24. d5 Bf7 25. Nf1 Be7 26. Ng3 Ndf8 27. Rcd1 Ng5 28. Bc1 Nfh7 29. h4 Nxf3+ 30. Bxf3 Bf8 31. Be3 Be8 32. Qd2 Qg7 33. Kf1 Bd7 34. Ke2 Kf7 35. Rg1 Ke8 36. Rh1 Rdc8 37. Rdg1 Kd8 38. Kd3 Kc7 39. Rh2 Re8 40. Rgh1 Re7 41. Kc2 Rf7 42. h5 g5 43. Nf5 Bxf5 44. exf5 Be7 45. Be4 Nf8 46. f3 Nd7 47. Rb1 Qf8 48. Ra1 Qb8 49. Qe1 Qa7 50. Bd2 Qa6 51. Bc3 Bd8 52. Rh1 1/2-1/2

[Event "Anapa Sea Harbor op"]
[Site "Anapa"]
[Date "2023.06.03"]
[Round "2"]
[White "Ermakov, Maksim"]
[Black "But, Svetlana"]
[Result "1-0"]
[WhiteElo "2194"]
[BlackElo "1769"]
[PlyCount "131"]
[EventDate "2023.06.02"]
[EventType "swiss"]
[EventRounds "9"]
[EventCountry "RUS"]
[SourceTitle "CBM 214 Extra"]
[Source "ChessBase"]
[SourceDate "2023.07.31"]
[SourceVersion "1"]
[SourceVersionDate "2023.07.31"]
[SourceQuality "1"]

1. d4 d5 2. c4 e6 3. Nc3 Nf6 4. cxd5 exd5 5. Bg5 Be7 6. e3 c6 7. Bd3 Bg4 8. Qb3 Qb6 9. Qc2 Nbd7 10. h3 Bh5 11. f4 h6 12. Bxf6 Nxf6 13. g4 Bg6 14. Bxg6 fxg6 15. Qxg6+ Kd7 16. 0-0-0 Rhg8 17. Nf3 Rae8 18. Ne5+ Kc8 19. Qf5+ Kc7 20. Rh2 Bd6 21. g5 Bxe5 22. fxe5 Ne4 23. Nxe4 dxe4 24. g6 Rgf8 25. Qxe4 Qa6 26. Kb1 Rf1 27. Rhd2 Rxd1+ 28. Rxd1 Qe2 29. Qd3 Qxd3+ 30. Rxd3 Re6 31. e4 Rxg6 32. Rf3 Rg2 33. Rf7+ Kd8 34. Rxb7 Rd2 35. Rxg7 Rxd4 36. Rg6 Rxe4 37. Rxc6 Rh4 38. Ra6 Rxh3 39. Rxa7 Re3 40. Rh7 Rxe5 41. Rxh6 Kc7 42. a3 Re2 43. Ka2 Kb7 44. a4 Re4 45. Ka3 Ka7 46. a5 Re3+ 47. Ka4 Re4+ 48. b4 Re7 49. Rh4 Rf7 50. b5 Rg7 51. a6 Rg1 52. Rh7+ Ka8 53. Ka5 Rg5 54. Rc7 Rh5 55. Kb6 Rh6+ 56. Rc6 Rh8 57. Rd6 Rb8+ 58. Kc5 Rc8+ 59. Rc6 Rg8 60. b6 Rg5+ 61. Kb4 Rg4+ 62. Kb5 Rg5+ 63. Rc5 Rg8 64. a7 Kb7 65. Rc7+ Ka8 66. Ka6 1-0

[Event "Malaya Zemlya op"]
[Site "Novorossiysk"]
[Date "2021.07.15"]
[Round "4"]
[White "But, Svetlana"]
[Black "Khudyakov, Stanislav"]
[Result "0-1"]
[WhiteElo "1871"]
[BlackElo "2237"]
[PlyCount "129"]
[EventDate "2021.07.12"]
[EventType "swiss"]
[EventRounds "9"]
[EventCountry "RUS"]
[SourceTitle "CBM 203 Extra"]
[Source "ChessBase"]
[SourceDate "2021.09.30"]
[SourceVersion "1"]
[SourceVersionDate "2021.09.30"]
[SourceQuality "1"]

1. d4 Nf6 2. Nf3 e6 3. c3 d5 4. g3 Bd6 5. Bg5 Nbd7 6. Nbd2 h6 7. Bxf6 Nxf6 8. Qc2 0-0 9. Bg2 c5 10. e4 dxe4 11. Nxe4 Nxe4 12. Qxe4 Qb6 13. Qe2 cxd4 14. Nxd4 e5 15. Nb5 Bc5 16. a4 a6 17. Na3 Qc7 18. 0-0 Re8 19. Qe4 Rb8 20. Qc4 b5 21. axb5 axb5 22. Qe2 Bd7 23. Rfc1 e4 24. Nc2 Qe5 25. Rd1 Bc8 26. Nd4 Rb6 27. b4 Bf8 28. Ra5 Bd7 29. Qe3 Rbb8 30. Re1 f5 31. f3 Bd6 32. fxe4 f4 33. gxf4 Qxf4 34. Qxf4 Bxf4 35. Re2 Bg4 36. Bf3 Bd7 37. Ra7 Bh3 38. Ra5 Re5 39. Bg2 Bg4 40. Bf3 Bh3 41. Kh1 Rc8 42. Ra3 Bc1 43. Rb3 Bf4 44. Rc2 Rg5 45. Rb1 Be3 46. Ne2 Rf8 47. Ng1 Bxg1 48. Rxg1 Rxg1+ 49. Kxg1 Rxf3 50. Rc1 Kf7 51. c4 bxc4 52. b5 Ke6 53. b6 Rf8 54. b7 Ke5 55. Rb1 Rb8 56. Kf2 Kxe4 57. Ke2 Kd4 58. Kd2 c3+ 59. Kc1 Kd3 60. Rb6 Bg2 61. Rg6 Bxb7 62. Rg3+ Kd4 63. Rxg7 Be4 64. Rd7+ Ke3 65. h3 0-1

[Event "Anapa Sea Harbor Cup Blitz"]
[Site "Anapa"]
[Date "2021.06.13"]
[Round "8"]
[White "But, Svetlana"]
[Black "Vastrukhin, Oleg"]
[Result "0-1"]
[WhiteElo "1947"]
[BlackElo "2401"]
[PlyCount "89"]
[EventDate "2021.06.13"]
[EventType "swiss (blitz)"]
[EventRounds "13"]
[EventCountry "RUS"]
[SourceTitle "CBM 202 Extra"]
[Source "ChessBase"]
[SourceDate "2021.07.31"]
[SourceVersion "1"]
[SourceVersionDate "2021.07.31"]
[SourceQuality "1"]

1. d4 g6 2. Nf3 Bg7 3. g3 c5 4. c3 Nf6 5. Bg2 0-0 6. 0-0 cxd4 7. cxd4 d5 8. Nc3 Nc6 9. Ne5 Bf5 10. Nxc6 bxc6 11. b3 Re8 12. e3 h5 13. Na4 Nd7 14. Ba3 e5 15. dxe5 Nxe5 16. Bb2 h4 17. Bxe5 Bxe5 18. Rc1 Rc8 19. Nc5 Bf6 20. g4 Bd7 21. h3 Qe7 22. Qf3 Be5 23. Rc2 Be6 24. Rfc1 Qd6 25. Nxe6 fxe6 26. Qe2 Rc7 27. Qa6 c5 28. Qd3 Kg7 29. f4 Bf6 30. Rf1 d4 31. e4 e5 32. f5 Bg5 33. Rc4 Rec8 34. Kh1 Bf4 35. Rf2 Qf6 36. Rfc2 Be3 37. Qe2 Qg5 38. Qf3 d3 39. R2c3 Rd8 40. Bf1 d2 41. Be2 Bf4 42. Rxc5 Rxc5 43. Rxc5 Qe7 44. Rc4 Qa3 45. Qc3 0-1

[Event "RUS-ch blitz (Women)"]
[Site "Sochi"]
[Date "2019.10.17"]
[Round "2"]
[White "But, Svetlana"]
[Black "Shafigullina, Zarina"]
[Result "0-1"]
[WhiteElo "1947"]
[BlackElo "2295"]
[PlyCount "144"]
[EventDate "2019.10.17"]
[EventType "swiss (blitz)"]
[EventRounds "15"]
[EventCountry "RUS"]
[SourceTitle "CBM 192 Extra"]
[Source "Chessbase"]
[SourceDate "2019.11.06"]
[SourceVersion "1"]
[SourceVersionDate "2019.11.06"]
[SourceQuality "1"]

1. d4 Nf6 2. Nf3 e6 3. g3 b6 4. Bg2 Bb7 5. 0-0 c5 6. c3 Be7 7. Bg5 h6 8. Bxf6 Bxf6 9. Nbd2 d5 10. e3 0-0 11. Re1 Nc6 12. Qe2 Rb8 13. Nb3 Qe7 14. a4 a6 15. Nbd2 Rfd8 16. h3 e5 17. dxe5 Nxe5 18. Nxe5 Bxe5 19. Nf3 Bc7 20. Nd2 Re8 21. Qd3 Rbd8 22. Qf5 Qe6 23. Qxe6 fxe6 24. b4 cxb4 25. cxb4 Bd6 26. Rab1 Rc8 27. b5 a5 28. Rec1 Ba3 29. Rxc8 Rxc8 30. Nb3 Rc4 31. Nd4 Kf7 32. h4 Bd6 33. Bf1 Rxa4 34. Bh3 e5 35. Nc6 Bxc6 36. bxc6 Rb4 37. Rc1 Bc7 38. Bg2 Ke6 39. Bh3+ Kd6 40. Bd7 a4 41. Rd1 b5 42. Ra1 Rb3 43. Kf1 a3 44. Be8 b4 45. Bf7 Rb2 46. e4 a2 47. Kg2 b3 48. Bxd5 Rb1 49. Rxa2 bxa2 50. Bxa2 Rb2 51. Bd5 Bb6 52. h5 Bxf2 53. Kh3 Be3 54. Kg4 Rf2 55. Kh3 Bg5 56. Kg4 Rf1 57. Kh3 Rf8 58. Kg4 Bd8 59. Kh3 Kc5 60. Kg4 Kd4 61. Kh3 Ke3 62. Kg4 Kf2 63. Be6 Rf3 64. Bd7 Rxg3+ 65. Kf5 Rg5+ 66. Ke6 Rxh5 67. Kd6 Rg5 68. Bf5 h5 69. c7 Bxc7+ 70. Kxc7 Ke3 71. Be6 Kxe4 72. Kd6 Kd4 0-1

[Event "RUS-ch rapid (Women)"]
[Site "Sochi"]
[Date "2019.10.15"]
[Round "1"]
[White "Charochkina, Daria"]
[Black "But, Svetlana"]
[Result "1-0"]
[WhiteElo "2289"]
[BlackElo "1910"]
[PlyCount "159"]
[EventDate "2019.10.15"]
[EventType "swiss"]
[EventRounds "11"]
[EventCountry "RUS"]
[SourceTitle "CBM 192 Extra"]
[Source "Chessbase"]
[SourceDate "2019.11.06"]
[SourceVersion "1"]
[SourceVersionDate "2019.11.06"]
[SourceQuality "1"]

1. d4 d5 2. c4 e6 3. Nc3 Nf6 4. cxd5 exd5 5. Bg5 Be7 6. e3 c6 7. Qc2 Nbd7 8. h3 Nf8 9. Bd3 Ng6 10. 0-0-0 Qa5 11. Nge2 Bd7 12. f4 Nf8 13. f5 0-0-0 14. Bf4 Be8 15. g4 h6 16. Ng1 Bd6 17. Nf3 Bxf4 18. exf4 N6d7 19. Ne5 f6 20. Ng6 Nxg6 21. fxg6 Nb6 22. Rhe1 Qb4 23. Qe2 Bd7 24. Bf5 Bxf5 25. gxf5 Rd7 26. Rd3 Nc4 27. a3 Qd6 28. Qe6 Qxf4+ 29. Kb1 Rhd8 30. Na4 Qd6 31. Qe2 Kb8 32. Nc5 Rc7 33. Rb3 Nb6 34. a4 Ka8 35. a5 Nc4 36. a6 b6 37. Nb7 Rxb7 38. axb7+ Kxb7 39. Rf3 Rd7 40. Rf2 Qb4 41. Kc1 Rc7 42. Rd1 Re7 43. Qd3 Re3 44. Qc2 Rxh3 45. Re2 Re3 46. Rd3 Re7 47. b3 Qa3+ 48. Kb1 Na5 49. Rde3 Rc7 50. Qb2 Qd6 51. Rf3 Qb4 52. Qc3 Qb5 53. Rfe3 Nc4 54. Re7 Nd6 55. Rxc7+ Kxc7 56. Re7+ Kd8 57. Rxg7 Qf1+ 58. Ka2 Qf2+ 59. Qb2 Qxf5 60. Rg8+ Kc7 61. g7 Qg6 62. Ra8 Qxg7 63. Rxa7+ Nb7 64. Qh2+ Kc8 65. Ra8+ Kd7 66. Qb8 Ke6 67. Qe8+ Kf5 68. Qxc6 Qg2+ 69. Ka3 Qg7 70. Qxd5+ Kf4 71. Rg8 Qe7+ 72. Ka4 Nd6 73. Rg1 b5+ 74. Ka5 Qc7+ 75. Kb4 Ke3 76. Qe6+ Kf2 77. Qe1+ Kf3 78. Rf1+ Kg4 79. Qe2+ Kg5 80. Qg2+ 1-0

[Event "Khanty-Mansiysk Governor Cup-B 9th"]
[Site "Khanty-Mansiysk"]
[Date "2013.12.01"]
[Round "4"]
[White "Solcanean, Serghei"]
[Black "But, Svetlana"]
[Result "1-0"]
[WhiteElo "2089"]
[BlackElo "1960"]
[PlyCount "109"]
[EventDate "2013.11.28"]
[EventType "swiss"]
[EventRounds "9"]
[EventCountry "RUS"]
[SourceTitle "CBM 157 Extra"]
[Source "ChessBase"]
[SourceDate "2013.12.19"]
[SourceVersion "1"]
[SourceVersionDate "2013.12.19"]
[SourceQuality "1"]

1. e4 e6 2. d4 d5 3. Nd2 dxe4 4. Nxe4 Be7 5. Nf3 Nf6 6. Nxf6+ Bxf6 7. Bd3 Nd7 8. c3 a6 9. Qc2 h6 10. Be3 Qe7 11. 0-0 0-0 12. Rfe1 c5 13. Qe2 cxd4 14. Nxd4 Re8 15. Bc2 Nf8 16. a4 Qc7 17. a5 Bd7 18. Be4 Rac8 19. Qf3 Bxd4 20. Bxd4 Bc6 21. Bb6 Bxe4 22. Qxe4 Qc6 23. Qxc6 Rxc6 24. Rad1 f6 25. g3 Kf7 26. Rd3 e5 27. Kg2 Re7 28. Red1 Ne6 29. Rd5 Rc4 30. R1d3 Rc6 31. b3 Rc8 32. c4 h5 33. h4 Rc6 34. Rd1 Rc8 35. Ra1 Rc6 36. Rad1 Rc8 37. Kf3 Rc6 38. Rd7 Ke8 39. Rxe7+ Kxe7 40. Rd5 g6 41. Ke4 Rc8 42. Kd3 Rc6 43. b4 Rc8 44. b5 e4+ 45. Kc3 f5 46. Kb4 Ra8 47. Be3 Rc8 48. Bb6 Ra8 49. Bc5+ Nxc5 50. Rxc5 Kd6 51. b6 Re8 52. Rc7 e3 53. c5+ Kd5 54. Rd7+ Ke4 55. fxe3 1-0